<?xml version="1.0" encoding="UTF-8"?>
<marc:record xmlns:marc="http://www.loc.gov/MARC21/slim">
   <marc:leader>00000nam a2200000 a 4500</marc:leader>
   <marc:datafield ind1="1" ind2=" " tag="100">
      <marc:subfield code="a">Hauenschild, Lydia</marc:subfield>
      <marc:subfield code="4">aut</marc:subfield>
      <marc:subfield code="e">Verfasser/-in</marc:subfield>
   </marc:datafield>
   <marc:datafield ind1="0" ind2="0" tag="245">
      <marc:subfield code="a">Findest du die Spur? - Spuk im Burgturm</marc:subfield>
   </marc:datafield>
   <marc:datafield ind1="0" ind2="0" tag="245">
      <marc:subfield code="b">Löse 6 spannende Detektiv-Fälle! - mit Lupe im Buch</marc:subfield>
   </marc:datafield>
   <marc:datafield ind1="0" ind2="0" tag="245">
      <marc:subfield code="c">Hauenschild, Lydia</marc:subfield>
   </marc:datafield>
   <marc:datafield ind1=" " ind2="1" tag="264">
      <marc:subfield code="a">Bindlach</marc:subfield>
      <marc:subfield code="b">Loewe</marc:subfield>
      <marc:subfield code="c">2023</marc:subfield>
   </marc:datafield>
   <marc:datafield ind1="1" ind2=" " tag="490">
      <marc:subfield code="a">Findest du die Spur?</marc:subfield>
   </marc:datafield>
   <marc:datafield ind1="1" ind2=" " tag="520">
      <marc:subfield code="a">Angaben aus der Verlagsmeldung

Findest du die Spur? - Spuk im Burgturm : Löse 6 spannende Detektiv-Fälle! - mit Lupe im Buch / von Lydia Hauenschild

Das Buch ist bei deiner Buchhandlung vor Ort und bei vielen Online-Buchshops erhältlich!

Keine Chance für Verbrecher!
Gespenster gibt es nicht. Eigentlich. Doch was spukt dann durch den verfallenen Turm einer alten Burg? Klar, dass Lena, Leon und Till das unbedingt herausfinden wollen! Kaum ist das geschafft, stecken sie schon mittendrin im nächsten Fall: Bei einem Kletterwettbewerb geht es nicht mit rechten Dingen zu. Können die Detektive aufdecken, wer dahintersteckt?

Nimm die Ermittlungen auf und entdecke in spannenden Suchbildern die entscheidenden Hinweise. Tipp: Wenn du mal nicht weiterkommst, hilft dir die Lupe beim Entschlüsseln der Geheimcodes.

Für Kinder ab 8 Jahren

Fördert Konzentrationsfähigkeit und logisches Denken

Genialer Rätselspaß

Motiviert zum Miträtseln, Beschäftigen und Kombinieren

Suchbilder mit versteckten Hinweisen

Spannende Detektivfälle

Mit Lupe im Buch

Auch für ungeübte Leser*innen geeignet

Klimaneutrales Produkt – Wir unterstützen ausgewählte Klimaprojekte!
</marc:subfield>
   </marc:datafield>
   <marc:datafield ind1=" " ind2=" " tag="020">
      <marc:subfield code="a">9783743213418</marc:subfield>
      <marc:subfield code="9">9783743213418</marc:subfield>
   </marc:datafield>
   <marc:datafield ind1=" " ind2=" " tag="020">
      <marc:subfield code="a">3743213419</marc:subfield>
      <marc:subfield code="9">3743213419</marc:subfield>
   </marc:datafield>
   <marc:datafield ind1=" " ind2=" " tag="041">
      <marc:subfield code="a">ger</marc:subfield>
   </marc:datafield>
   <marc:datafield ind1=" " ind2=" " tag="300">
      <marc:subfield code="a">128 Seiten</marc:subfield>
   </marc:datafield>
</marc:record>
